Where the German army has passed.

Bibliographic Details
Corporate Author: Daily Chronicle
Format: Book
Language:English
Published: London : The Daily Chronicle, 1915.
Subjects:

MARC

Tag First Indicator Second Indicator Subfields
LEADER 00000cam a2200000Ia 4500
001 in00002061321
005 20151101191036.0
008 770126s1915 enka 000 0 eng
010 |a  20001020  
035 |a (OCoLC)ocm02702689 
040 |a DLC  |c SUC  |d SUC  |d OCLCQ  |d TXA  |d UtOrBLW 
049 |a TXAM 
050 0 0 |a D527  |b .W4 
090 |a D626.G3  |b W43 1915 
245 0 0 |a Where the German army has passed. 
264 1 |a London :  |b The Daily Chronicle,  |c 1915. 
300 |a 66 pages :  |b illustrations ;  |c 31 cm. 
336 |a text  |b txt  |2 rdacontent 
337 |a unmediated  |b n  |2 rdamedia 
338 |a volume  |b nc  |2 rdacarrier 
500 |a "Including the British, French & Belgian official reports on the German atrocities; illustrated with 58 special photographs." - Cover. 
500 |a Cushing Library Ragan Military copy part of the Alan Culpin Military History Collection. 
650 0 |a World War, 1914-1918  |x Atrocities. 
710 2 |a Daily Chronicle. 
994 |a C0  |b TXA 
948 |a cataloged  |b h  |c 2005/7/12  |d c  |e mzajicek  |f 11:32:00 am 
999 |a MARS 
999 f f |s 6f0ac61a-873d-3c13-a298-9244c5d46f96  |i 6ff84b1d-b6a5-3649-beba-33b0b322548c  |t 0 
952 f f |p noncirc  |a Texas A&M University  |b College Station  |c Cushing Memorial Library & Archives  |d Cushing: Ragan Military (Does not check out)  |t 0  |e D626.G3 W43 1915  |h Library of Congress classification  |i unmediated -- volume  |m A14852142257 
998 f f |a D626.G3 W43 1915  |t 0  |l Cushing: Ragan Military (Does not check out)